000 00313nam a22001217a 4500
082 _a894.812
_bDEP/M
100 _aDEPT OF EDUCATION, GOVT OF KERALA
245 _aMALAYALAM - PADAYALIKAL, CHANDANAKATTIL
260 _aTRIVANDRUM
_bSIET KERALA
300 _bMALAYALAM VCD
650 _aMALAYALAM
_zKERALA
942 _cVM
999 _c8020
_d8020